| 000 | 03505nam0a22004211 4500 | ||
|---|---|---|---|
| 001 | rc\2969839 | ||
| 005 | 20110907001622.6 | ||
| 035 | _a(NLR Aleph) 007215020 | ||
| 090 |
_a7680166 _c7680166 |
||
| 100 | _a20110907d1934 |||y0rusy50 ca | ||
| 101 | 0 | _arus | |
| 102 | _aRU | ||
| 105 | _aabc z ||||| | ||
| 200 | 1 |
_aМ.И. Калинин, всесоюзный староста _eXV лет на посту председателя ВЦИК. 1919-1934 _e[Сборник статей] _f[Ред. А. Алымов, А. Мишель, Е. Пашуканис, Н. Челяпов] _gИн-т сов. строительства и права Ком. акад. ЦИК СССР |
|
| 210 |
_aМосква _cизд-во и тип. изд-ва "Власть советов" _d1934 |
||
| 215 |
_aПереплет, 323, [2] с., 13 вкл. л. ил., портр., карт. _cил., портр., карт. _d23х16 см |
||
| 320 | _aБиблиогр: "Библиография книг, журн. и газ. и статей М.И. Калинина". В. Бюлль, К. Драгомирецкая, В. Кузятина и Л. Мареева (с. 273-324) | ||
| 327 | 1 | _aСодерж: А. Киселев. М.И. Калинин, как гос. деятель.- А. Мишель. Питерский рабочий - тверской крестьянин.- П. Зайцев. Роль М.И. Калинина в организации и укреплении сов. государства.- С. Диманштейн. В борьбе за братский союз народов СССР.- Т. Ремезова и С. Ронин. Годы гражд. войны.- В. Аверьев. Борьба с голодом.-Х. Либман. М.И. Калинин и период оживления советов.- З. Островский. Среди крестьян и рабочих.- В. Мягкий. Приемная М.И. Калинина | |
| 464 | 0 |
_12001#$aМ.И. Калинин, как гос. деятель _1700#1$aКиселев$bА.$4070 |
|
| 464 | 0 |
_12001#$aПитерский рабочий - тверской крестьянин _1700#1$aМишель$bА.$4070 |
|
| 464 | 0 |
_12001#$aРоль М.И. Калинина в организации и укреплении сов. государства _1700#1$aЗайцев$bП.$4070 |
|
| 464 | 0 |
_12001#$aВ борьбе за братский союз народов СССР _1700#1$aДиминштейн$bС.$4070 |
|
| 464 | 0 |
_12001#$aГоды гражд. войны _1700#1$aРемезова$bТ.$4070 _1701#1$aРонин$bС.$4070 |
|
| 464 | 0 |
_12001#$aБорьба с голодом _1700#1$aАверьев$bА.$4070 |
|
| 464 | 0 |
_12001#$aМ.И. Калинин и период оживления советов _1700#1$aЛибман$bХ.$4070 |
|
| 464 | 0 |
_12001#$aСреди крестьян и рабочих _1700#1$aОстровский$bЗ.$4070 |
|
| 464 | 0 |
_12001#$aПриемная М.И. Калинина _1700#1$aМягкий$bВ.$4070 |
|
| 600 | 1 |
_aКалинин _bМ.И. _f1875-1946 _gМихаил Иванович _jБиблиография |
|
| 702 | 1 |
_aАлымов _bА. А. _gАлександр Алексеевич _4340 |
|
| 702 | 1 |
_aМишель _bА. _4340 |
|
| 702 | 1 |
_aПашуканис _bЕ. _4340 |
|
| 702 | 1 |
_aЧеляпов _bН. _4340 |
|
| 712 | 0 | 2 |
_aИнститут права _cМосква _3RU\NLR\AUTH\889917145 _4570 |
| 801 | 0 |
_aRU _bNLR _gpsbo |
|
| 801 | 1 |
_aRU _bELAR _2rusmarc |
|
| 852 |
_aNLR _j34-4/2077 |
||
| 942 | _cBOOK | ||
| 980 | _aNB | ||